000 00429nam a2200181Ia 4500
001 17950
005 20260306171554.0
008 260306s9999||||xx |||||||||||||| ||und||
041 _aESP
082 _a658.3
_bJ53
100 _aJiménez, Daniel Patricio
_eAUT
245 0 _aManual de recursos humanos
260 _c2006
300 _a278 páginas :
_c24 cm.
650 _aGEN
654 _aCAN
942 _cLIB
_dJUS
_fJUS
_2ddc
_n
999 _c17950
_d17950